<?xml version="1.0" encoding="UTF-8"?>
<record
    xmlns:xsi="http://www.w3.org/2001/XMLSchema-instance"
    xsi:schemaLocation="http://www.loc.gov/MARC21/slim http://www.loc.gov/standards/marcxml/schema/MARC21slim.xsd"
    xmlns="http://www.loc.gov/MARC21/slim">

  <leader>03661cam a2200493Ia 4500</leader>
  <controlfield tag="001">DIGBN02692</controlfield>
  <controlfield tag="003">NyNyDIG</controlfield>
  <controlfield tag="006">m     o  d        </controlfield>
  <controlfield tag="007">cr |||||||||||</controlfield>
  <controlfield tag="008">190625s2000    sp      ob    100 0 spa d</controlfield>
  <datafield tag="020" ind1=" " ind2=" ">
    <subfield code="z">8470304356</subfield>
  </datafield>
  <datafield tag="020" ind1=" " ind2=" ">
    <subfield code="z">9788470304354</subfield>
  </datafield>
  <datafield tag="035" ind1=" " ind2=" ">
    <subfield code="a">(OCoLC)1107790093</subfield>
  </datafield>
  <datafield tag="040" ind1=" " ind2=" ">
    <subfield code="a">DGITA</subfield>
    <subfield code="b">eng</subfield>
    <subfield code="e">pn</subfield>
    <subfield code="c">DGITA</subfield>
  </datafield>
  <datafield tag="043" ind1=" " ind2=" ">
    <subfield code="a">e-sp---</subfield>
  </datafield>
  <datafield tag="050" ind1="1" ind2="4">
    <subfield code="a">DP245 eBook</subfield>
  </datafield>
  <datafield tag="082" ind1="0" ind2="4">
    <subfield code="a">946.07</subfield>
  </datafield>
  <datafield tag="245" ind1="0" ind2="0">
    <subfield code="a">V&#xED;speras del 98 :</subfield>
    <subfield code="b">or&#xED;genes y antecedentes de la crisis del 98 /</subfield>
    <subfield code="c">J.P. Fusi y A. Ni&#xF1;o (eds.)</subfield>
  </datafield>
  <datafield tag="246" ind1="3" ind2=" ">
    <subfield code="a">V&#xED;speras del noventa y ocho</subfield>
  </datafield>
  <datafield tag="264" ind1=" " ind2="1">
    <subfield code="a">Madrid (Espa&#xF1;a) :</subfield>
    <subfield code="b">Biblioteca Nueva,</subfield>
    <subfield code="c">[2000]</subfield>
  </datafield>
  <datafield tag="300" ind1=" " ind2=" ">
    <subfield code="a">1 online resource.</subfield>
  </datafield>
  <datafield tag="336" ind1=" " ind2=" ">
    <subfield code="a">text</subfield>
    <subfield code="b">txt</subfield>
    <subfield code="2">rdacontent</subfield>
  </datafield>
  <datafield tag="337" ind1=" " ind2=" ">
    <subfield code="a">computer</subfield>
    <subfield code="b">c</subfield>
    <subfield code="2">rdamedia</subfield>
  </datafield>
  <datafield tag="338" ind1=" " ind2=" ">
    <subfield code="a">online resource</subfield>
    <subfield code="b">cr</subfield>
    <subfield code="2">rdacarrier</subfield>
  </datafield>
  <datafield tag="490" ind1="1" ind2=" ">
    <subfield code="a">Colecci&#xF3;n Historia Biblioteca Nueva</subfield>
  </datafield>
  <datafield tag="500" ind1=" " ind2=" ">
    <subfield code="a">Papers invited for presentation at the Congreso Internacional Antes del "Desastre" : Or&#xED;genes y Antecedentes de la Crisis del 98, Madrid, Nov. 23-25, 1995, organized by the Departamento de Historia Contempor&#xE1;nea, Universidad Complutense de Madrid.</subfield>
  </datafield>
  <datafield tag="504" ind1=" " ind2=" ">
    <subfield code="a">Includes bibliographical references.</subfield>
  </datafield>
  <datafield tag="505" ind1="0" ind2=" ">
    <subfield code="a">Aspectos de la civilizaci&#xF3;n espa&#xF1;ola en la crisis de fin de siglo / Jos&#xE9; M. Jover Zamora -- Estado y sociedad en Espa&#xF1;a durante la d&#xE9;cada de 1890 / Jos&#xE9; &#xC1;lvarez Junco -- La vida pol&#xED;tica: elecciones y partidos / Carlos Dard&#xE9; -- Del "desastre" a la modernizaci&#xF3;n econ&#xF3;mica / Antonio G&#xF3;mez Mendoza -- El Ej&#xE9;rcito y la Marina antes del 98 / Manuel Espadas Burgos -- La Armada : proyectos y realidades de una pol&#xED;tica naval / Hugo O'Donnell y Duque de Estrada -- "El Grito de Baire": frustraci&#xF3;n de una vocaci&#xF3;n europe&#xED;sta / Fernando Puell de la Villa -- La pol&#xED;tica colonial espa&#xF1;ola y el despertar de los nacionalismos en ultramar / Elena Hern&#xE1;ndez Sandoica -- Los nacionalismos hispano-antillanos del siglo XIX / Jorge Ibarra -- Pol&#xED;tica colonial y autonomismo en Puerto Rico, 1887-1897: renovaci&#xF3;n y conflicto en el partido autonomista puertorrique&#xF1;o / Astrid Cubano Iguina -- La situaci&#xF3;n internacional de los a&#xF1;os 90 y la pol&#xED;tica exterior espa&#xF1;ola / Rosario de la Torre del R&#xED;o -- La pol&#xED;tica norteamericana y la guerra hispano-cubana / John L. Offner -- Del recogimiento al aislamiento (1890-1896) / Julio Salom Costa -- Crisis del positivismo, derrota de 1898 y morales colectivas / Vicente Cacho Viu -- Pensamiento social y crisis del sistema canovista 1890-1898 / Francisco Villacorta Ba&#xF1;os -- Caldos a escena: una campa&#xF1;a teatral (1892-1896) / Jos&#xE9;-Carlos Mainer -- Los Estados Unidos a finales del siglo XIX / Edward Malefakis.</subfield>
  </datafield>
  <datafield tag="651" ind1=" " ind2="0">
    <subfield code="a">Spain</subfield>
    <subfield code="x">History</subfield>
    <subfield code="y">Alfonso XIII, 1886-1931</subfield>
    <subfield code="v">Congresses.</subfield>
  </datafield>
  <datafield tag="650" ind1=" " ind2="0">
    <subfield code="a">Spanish-American War, 1898</subfield>
    <subfield code="v">Congresses.</subfield>
  </datafield>
  <datafield tag="655" ind1=" " ind2="7">
    <subfield code="a">Conference papers and proceedings.</subfield>
    <subfield code="2">lcgft</subfield>
  </datafield>
  <datafield tag="655" ind1=" " ind2="0">
    <subfield code="a">Electronic books.</subfield>
  </datafield>
  <datafield tag="700" ind1="1" ind2=" ">
    <subfield code="a">Fusi Aizpur&#xFA;a, Juan Pablo,</subfield>
    <subfield code="d">1945-</subfield>
    <subfield code="e">editor.</subfield>
  </datafield>
  <datafield tag="700" ind1="1" ind2=" ">
    <subfield code="a">Ni&#xF1;o Rodr&#xED;guez, Antonio,</subfield>
    <subfield code="e">editor.</subfield>
  </datafield>
  <datafield tag="711" ind1="1" ind2=" ">
    <subfield code="a">Congreso Internacional Antes del "Desastre" : Or&#xED;genes y Antecedentes de la Crisis del 98</subfield>
    <subfield code="d">(1995 :</subfield>
    <subfield code="c">Madrid, Spain)</subfield>
  </datafield>
  <datafield tag="710" ind1="2" ind2=" ">
    <subfield code="a">Universidad Complutense de Madrid.</subfield>
    <subfield code="b">Departamento de Historia Contempor&#xE1;nea.</subfield>
  </datafield>
  <datafield tag="791" ind1="2" ind2=" ">
    <subfield code="a">Digitalia (Firm),</subfield>
    <subfield code="e">distributor.</subfield>
  </datafield>
  <datafield tag="830" ind1=" " ind2="0">
    <subfield code="a">Colecci&#xF3;n Historia (Biblioteca Nueva (Firm)).</subfield>
  </datafield>
  <datafield tag="793" ind1="0" ind2=" ">
    <subfield code="g">Digitalia eBook Collection:</subfield>
    <subfield code="a">Biblioteca Nueva</subfield>
  </datafield>
  <datafield tag="776" ind1="0" ind2="8">
    <subfield code="a">Print version:</subfield>
    <subfield code="t">V&#xED;speras del 98.</subfield>
    <subfield code="b">Segunda edici&#xF3;n.</subfield>
    <subfield code="d">Madrid : Biblioteca Nueva, 2000</subfield>
    <subfield code="z">9788470304354</subfield>
    <subfield code="w">(OCoLC)1027369686</subfield>
  </datafield>
  <datafield tag="856" ind1="4" ind2="0">
    <subfield code="3">Digitalia Hisp&#xE1;nica</subfield>
    <subfield code="u">https://www.digitaliapublishing.com/a/2515/</subfield>
  </datafield>
  <datafield tag="910" ind1=" " ind2=" ">
    <subfield code="a">Premium Collection: 2007-2012</subfield>
  </datafield>
  <datafield tag="942" ind1=" " ind2=" ">
    <subfield code="c">RAA</subfield>
  </datafield>
  <datafield tag="952" ind1=" " ind2=" ">
    <subfield code="0">0</subfield>
    <subfield code="1">0</subfield>
    <subfield code="4">0</subfield>
    <subfield code="7">0</subfield>
    <subfield code="8">DEH</subfield>
    <subfield code="a">BD-UIN</subfield>
    <subfield code="b">BD-UIN</subfield>
    <subfield code="d">2025-04-25</subfield>
    <subfield code="l">0</subfield>
    <subfield code="r">2025-04-25</subfield>
    <subfield code="w">2025-04-25</subfield>
    <subfield code="y">RAA</subfield>
  </datafield>
  <datafield tag="999" ind1=" " ind2=" ">
    <subfield code="c">230436</subfield>
    <subfield code="d">230436</subfield>
  </datafield>
</record>
